|
|
|
|
| LEADER |
00000nam0a2200000 4500 |
| 001 |
305534 |
| 005 |
20231102001817.0 |
| 010 |
|
|
|a 9785271282539
|
| 010 |
|
|
|a 978-5-17-067496-1
|
| 035 |
|
|
|a (RuTPU)RU\TPU\book\330806
|
| 090 |
|
|
|a 305534
|
| 100 |
|
|
|a 20150928d2012 m y0rusy50 ca
|
| 101 |
0 |
|
|a rus
|
| 102 |
|
|
|a RU
|
| 105 |
|
|
|a y z 000ay
|
| 200 |
1 |
|
|a Меч Немезиды
|f Д. А. Корецкий
|
| 210 |
|
|
|a Москва
|c АСТ
|c Астрель
|d 2012
|
| 215 |
|
|
|a 445 с.
|
| 330 |
|
|
|a Мир захлестнула волна терроризма.Специальное подразделение «Меч Немезиды», созданное по указу Президента России, предназначено для уничтожения террористов во всем мире.Волею обстоятельств «Меч» оказывается привлеченным к борьбе с уголовной преступностью. Многолетняя безнаказанность криминальных авторитетов и вольготно чувствующих себя группировок, заканчивается там, где появляются бойцы спецподразделения.Но могут ли радикальные меры улучшить этот мир?
|
| 606 |
1 |
|
|a Русская литература современная
|2 stltpush
|3 (RuTPU)RU\TPU\subj\26373
|9 50316
|
| 610 |
1 |
|
|a психологическая проза
|
| 610 |
1 |
|
|a детективы
|
| 675 |
|
|
|a Р2
|v 4
|
| 700 |
|
1 |
|a Корецкий
|b Д. А.
|g Данил Аркадьевич
|
| 801 |
|
1 |
|a RU
|b 63413507
|c 20150928
|
| 801 |
|
2 |
|a RU
|b 63413507
|c 20151123
|g RCR
|
| 942 |
|
|
|c BK
|
| 959 |
|
|
|a 122/20150924
|d 1
|e 106,00
|f ХФ:1
|